Nacionalizaciones y emergencia económica / (Registro nro. 8803)

Detalles MARC
000 -LEADER
fixed length control field 01163nam a2200241Ia 4500
003 - CONTROL NUMBER IDENTIFIER
control field OSt
005 - DATE AND TIME OF LATEST TRANSACTION
control field 20211118144547.0
008 - FIXED-LENGTH DATA ELEMENTS--GENERAL INFORMATION
fixed length control field 210310s1984 ck fr 000 0 spa d
040 ## - CATALOGING SOURCE
Original cataloging agency CO-JMCR
Transcribing agency CO-JMCR
041 0# - LANGUAGE CODE
Language code of text/sound track or separate title spa
082 04 - DEWEY DECIMAL CLASSIFICATION NUMBER
Classification number 342.06 /
Item number V648n
Edition number 23
100 1# - MAIN ENTRY--PERSONAL NAME
Personal name Vidal Perdomo, Jaime,
9 (RLIN) 18332
Relator term autor
245 10 - TITLE STATEMENT
Title Nacionalizaciones y emergencia económica /
Statement of responsibility, etc. Jaime Vidal Perdomo
260 ## - PUBLICATION, DISTRIBUTION, ETC.
Place of publication, distribution, etc. Bogotá :
Name of publisher, distributor, etc. Universidad Externado de Colombia,
Date of publication, distribution, etc. 1984
300 ## - PHYSICAL DESCRIPTION
Extent 117 páginas ;
Dimensions 24 cm.
500 ## - GENERAL NOTE
General note Incluye notas a pie de página.
505 0# - FORMATTED CONTENTS NOTE
Formatted contents note Nacionalización y política -- Nacionalizaciones e ideología -- Qué nacionalizar -- Expropiación y otros mecanismos -- Nacionalización: ¿Figura jurídica autónoma? -- Nacionalizaciones y derecho internacional -- Empresas públicas y desnacionalización -- Nacionalizaciones y control constitucional
650 14 - SUBJECT ADDED ENTRY--TOPICAL TERM
Topical term or geographic name entry element Emergencia económica
9 (RLIN) 18334
General subdivision Legislación
Chronological subdivision 1982
Geographic subdivision Colombia
650 24 - SUBJECT ADDED ENTRY--TOPICAL TERM
Topical term or geographic name entry element Sociedades de ahorro y préstamo
General subdivision Nacionalización
Chronological subdivision 1982
Geographic subdivision Colombia
9 (RLIN) 41605
650 24 - SUBJECT ADDED ENTRY--TOPICAL TERM
Topical term or geographic name entry element Bancos
General subdivision Nacionalización
Chronological subdivision 1982
Geographic subdivision Colombia
9 (RLIN) 41606
650 24 - SUBJECT ADDED ENTRY--TOPICAL TERM
Topical term or geographic name entry element Bancos y estado
Chronological subdivision 1982
Geographic subdivision Colombia
9 (RLIN) 41607
942 ## - ADDED ENTRY ELEMENTS (KOHA)
Source of classification or shelving scheme Dewey Decimal Classification
Koha item type Books
Existencias
Withdrawn status Lost status Source of classification or shelving scheme Damaged status Not for loan Collection code Home library Current library Date acquired Source of acquisition Full call number Barcode Date last seen Copy number Koha item type
    Dewey Decimal Classification     Non-fiction Biblioteca Pública José María del Castillo y Rada Biblioteca Pública José María del Castillo y Rada 04/15/2018 Donación 342.06 / V648n 430004981 05/16/2024 Ej.1 Books